| 000 | 00543nam a2200205Ia 4500 | ||
|---|---|---|---|
| 003 | OSt | ||
| 005 | 20260303103121.0 | ||
| 008 | 210210b2008 xxu||||| |||| 00| 0 eng d | ||
| 020 | _a9788129113726 | ||
| 040 | _cAL | ||
| 041 | _aeng | ||
| 082 | _a820.33 BHAT | ||
| 100 |
_aChetan Bhagat _9257391 |
||
| 245 |
_aThree mistakes of my life _b: Story about business cricket and religion |
||
| 260 |
_aNew Delhi _bRupa and Company _c2008 |
||
| 300 | _axx,257 | ||
| 690 |
_aIndian English Fiction _9257392 |
||
| 906 | _a062798 | ||
| 942 |
_2ddc _cBK |
||
| 999 |
_c129833 _d129833 |
||